A Scitec Nutrition márkaépítése

Bibliographic Details
Main Author: János Gergő
Other Authors: Kozák Dr. Tamás József
Format: Thesis
Kulcsszavak:Scitec Nutrition
Márkaépítés
Vevőszegmentáció
Online Access:http://dolgozattar.uni-bge.hu/18377

MARC

LEADER 00000nta a2200000 i 4500
001 dolg18377
005 20190226093232.0
008 181130suuuu hu om 000 hun d
040 |a BGE Dolgozattár Repozitórium  |b hun 
041 |a hu 
100 1 |a János Gergő 
245 1 2 |a A Scitec Nutrition márkaépítése  |c János Gergő  |h [elektronikus dokumentum] 
246 1 1 |a A Scitec Nutrition márkaépítése 
695 |a Scitec Nutrition 
695 |a Márkaépítés 
695 |a Vevőszegmentáció 
700 1 |a Kozák Dr. Tamás József  |e ths 
856 4 0 |u http://dolgozattar.uni-bge.hu/18377/1/J%C3%A1nos%20Gerg%C5%91%20-%20A%20Scitec%20Nutrition%20m%C3%A1rka%C3%A9p%C3%ADt%C3%A9se.pdf  |z Dokumentum-elérés 
856 4 0 |u http://dolgozattar.uni-bge.hu/18377/2/Titkos%C3%ADt%C3%A1si_k%C3%A9relem_J%C3%A1nos_Gerg%C5%91.pdf  |z Dokumentum-elérés